| 000 | 00898nam a2200205 i 4500 | ||
|---|---|---|---|
| 001 | 161462 | ||
| 003 | ES-MaACL | ||
| 005 | 20230906212305.0 | ||
| 008 | 981002s1858 sp |||| | spa d | ||
| 040 |
_aCLM _bspa _cCCPB | 3D |
||
| 100 | 1 |
_aParro, Sixto Ramón. _989269 |
|
| 245 | 1 | 0 |
_aCompendio del Toledo en la mano o Descripcion abreviada de la Iglesia Catedral y demas monumentos y cosas notables que son dignas de la atencion de los curiosos en esta célebre ciudad / _cpor Sisto Ramon Parro. |
| 260 |
_aToledo : _b[s.n.], _c1858 ( _fImprenta de Severiano Lopez Fando) |
||
| 300 |
_a224 p. ; _c15 cm. |
||
| 530 | _aDisponible en formato digital. | ||
| 610 | 2 | 4 |
_aCatedral Primada de Toledo. _9145491 |
| 650 | 4 |
_aArquitectura- _zToledo. _9150895 |
|
| 852 |
_aES-MaACL _jD-3974 _z-- Enc. rust. |
||
| 856 |
_uhttp://bdh-rd.bne.es/viewer.vm?id=0000048592&page=1 _zBiblioteca Digital Hispánica |
||
| 999 |
_c161462 _d161462 |
||